| 000 | 00748nam a22001817a 4500 | ||
|---|---|---|---|
| 005 | 20120416124645.0 | ||
| 020 |
_c150.00 _a818781876x |
||
| 035 | _aB-133977 | ||
| 037 |
_b _adpl |
||
| 082 | _a070.1 | ||
| 100 |
_aगोठी, ऋतु _945185 |
||
| 245 | 1 |
_aमीडिया प्रोडक्शन / _cऋतु गोठी |
|
| 260 |
_aनई दिल्ली _bलक्ष्य पब्लिकेशन्स _c2004 |
||
| 270 |
_a _b _e _k |
||
| 300 |
_a102पृ. _c22सेमी (सजिल्द) |
||
| 942 |
_adpl _cHN _k _2ddc _h070.1 _mगोठीऋ |
||
| 999 |
_c65073 _d65073 |
||